000 00543nam a2200181Ia 4500
008 240729s9999 xx 000 0 und d
022 _a2251-8819
245 0 _aJournal of Nephropathology
260 _aIran, Islamic Republic of
260 _bSociety of Diabetic Nephropathy Prevention
650 _a Internal medicine | Medicine
650 _a Other systems of medicine
650 _a Pathology | Medicine
650 _aMedicine
856 _uhttps://doaj.org/toc/c2ff710ca42b41c796b75adb20a2b249
942 _2ddc
942 _cDOAJEJ
999 _c73024
_d73024
945 _a1
_bMadushi Gamage
_c1
_dMadushi Gamage